Word Ladder: Hakuna Matata Quiz Stats

 Plays Quiz Updated Jun 9, 2018

Challenge
Share
Tweet
Embed
Score 0/16 Timer 02:00
1 Play Today
Clue 5-Letter Rung % Correct
AromaSMELL
96.1%
Taco exteriorSHELL
95.3%
Take an oathSWEAR
94.7%
Idiom: Don't _____ the [Middle Rung] [Last Rung]
or Perspiration
SWEAT
93.2%
Idiom: Don't [First Rung] the _____ [Last Rung]
or T-shirt size
SMALL
92.9%
Fixed gazeSTARE
92.8%
Winter neck warmerSCARF
90.7%
Far from freshSTALE
90.6%
Clue 5-Letter Rung % Correct
Library fixtureSHELF
90.3%
Come to a haltSTALL
87.8%
Cause for alarmSCARE
86.5%
Trim, as a hedge or as an alpacaSHEAR
86.4%
Slight shoe blemishSCUFF
80.9%
Bundle of wheatSHEAF
80.7%
Idiom: Don't [First Rung] the [Middle Rung] _____
or Jam-pack
STUFF
79.4%
Shed skin flakesSCURF
70.4%

Today's Daily Dose

You're not logged in!

Compare scores with friends on all Sporcle quizzes.
OR
Log In

You Might Also Like...

Show Comments

Extras

Top Quizzes Today


Score Distribution

Your Account Isn't Verified!

In order to create a playlist on Sporcle, you need to verify the email address you used during registration. Go to your Sporcle Settings to finish the process.

Report this User

Report this user for behavior that violates our Community Guidelines.

Details: